| 000 | 00631cam a2200205 4500 | ||
|---|---|---|---|
| 001 | WB3602-20 | ||
| 008 | 000000n2000 000 0 eng u | ||
| 035 | _a(Sirsi) u103575 | ||
| 245 | _aLA funding to rise | ||
| 260 | _c2000 | ||
| 490 |
_aHousing Today _v(165) 6 January 2000, 11(1) |
||
| 520 | _aThe Local Government Association predicts that council funding to housing associations will increase by only 1.8% during 2000. Table. | ||
| 590 | _aWB | ||
| 650 | _aHOUSING ASSOCIATIONS | ||
| 650 | _aLOCAL AUTHORITIES | ||
| 650 | _aFUNDING | ||
| 650 | _aSOCIAL HOUSING | ||
| 690 |
_aAffordable housing _96215 |
||
| 942 | _n0 | ||
| 999 |
_c62213 _d62213 |
||